000 00776nam a2200241Ia 4500
003 GCL
008 140319s9999 xx 000 0 ara d
040 _aGCL /
_cGCL
082 0 4 _a915.394
_bب أ
100 1 _aقدرى قلعجى
245 1 0 _aاكتشاف جزيرة العرب : خمسة قرون من المعاصرة والعلم /
_cقدرى قلعجى
700 1 _aبيرين جاكلين
700 1 _aاحمد الجاسر
260 _a[S.N] :
_bدار الكتاب العربى
300 _a434 ص
490 _a
650 0 4 _aشبه الجزيرة العربية
650 0 4 _aالسعودية
650 0 4 _aالخليج العربى
650 0 4 _aالجغرافيا البشرية
650 0 4 _aالكشوف الجغرافية
942 _2ddc
_cBK
999 _c36072
_d36072